<?xml version="1.0" encoding="UTF-8"?>
<marc:record xmlns:marc="http://www.loc.gov/MARC21/slim">
   <marc:leader>00000nam a2200000 a 4500</marc:leader>
   <marc:datafield ind1="1" ind2=" " tag="100">
      <marc:subfield code="a">Hurrelmann, Klaus</marc:subfield>
      <marc:subfield code="4">edt</marc:subfield>
      <marc:subfield code="e">Bearbeiter/-in</marc:subfield>
   </marc:datafield>
   <marc:datafield ind1=" " ind2=" " tag="653">
      <marc:subfield code="a">Sozialisationsforschung</marc:subfield>
   </marc:datafield>
   <marc:datafield ind1="0" ind2="0" tag="245">
      <marc:subfield code="a">Handbuch Sozialisationsforschung</marc:subfield>
   </marc:datafield>
   <marc:datafield ind1="0" ind2="0" tag="245">
      <marc:subfield code="c">hrsg. von Klaus Hurrelmann ...</marc:subfield>
   </marc:datafield>
   <marc:datafield ind1=" " ind2="1" tag="264">
      <marc:subfield code="a">Weinheim</marc:subfield>
      <marc:subfield code="b">Beltz</marc:subfield>
      <marc:subfield code="c">2008</marc:subfield>
   </marc:datafield>
   <marc:datafield ind1="1" ind2=" " tag="490">
      <marc:subfield code="a">Pädagogik</marc:subfield>
   </marc:datafield>
   <marc:datafield ind1=" " ind2=" " tag="250">
      <marc:subfield code="a">7., vollst. überarb. Aufl.</marc:subfield>
   </marc:datafield>
   <marc:datafield ind1="1" ind2=" " tag="520">
      <marc:subfield code="a">Angaben aus der Verlagsmeldung

Handbuch der Sozialisationsforschung

Das Handbuch vermittelt dabei nicht nur einen geschlossenen Überblick, sondern ist gleichzeitig Nachschlagewerk und bietet aktuelle Informationen. 35 Autorinnen und Autoren haben dazu beigetragen, die gesamte Spannbreite der Forschung zur menschlichen Entwicklung in der sozialen und ökologischen Umwelt zu thematisieren. Als ausgewiesene Fachleute in ihren Gebieten repräsentieren diese Autorinnen und Autoren nicht nur die wesentlichen theoretischen Zugänge zum Feld, sondern zeigen auch neue integrative und interdisziplinäre Forschungsansätze auf, informieren anschaulich über die zentralen Instanzen der Sozialisation (Familie, Kindergarten, Gleichaltrigengruppe, Schule, Betrieb, Hochschule, sozialpädagogische Institutionen, Institutionen der psycho-sozialen Versorgung, Massenmedien) und berichten über die Forschung zu den wesentlichen Dimensionen des menschlichen Entwicklungsprozesses (kognitive, sprachliche, emotionale, politische Sozialisation und Selbstkonzeptentwicklung).
</marc:subfield>
   </marc:datafield>
   <marc:datafield ind1=" " ind2=" " tag="020">
      <marc:subfield code="a">9783407831606</marc:subfield>
      <marc:subfield code="9">9783407831606</marc:subfield>
   </marc:datafield>
   <marc:datafield ind1=" " ind2=" " tag="041">
      <marc:subfield code="a">ger</marc:subfield>
   </marc:datafield>
   <marc:datafield ind1=" " ind2=" " tag="300">
      <marc:subfield code="a">476 S.</marc:subfield>
   </marc:datafield>
</marc:record>
